00518 2200217 4500001002100000005001500021035002000036007000300056008004100059020001500100082001200115084001800127100001800145245004300163260002300206300002500229650001300254856001700267990000800284990000800292INLIS00000000000009520220127090103 a0010-0122000095ta220127 g 0 ind  a9793372788 a004.678 a004.678 ZAI j0 aZainal Arifin1 aJelajah Informasi menggunakan internet aTangerang :bPijar bfoto ;c17.6 x 25 cm 4aInternet aKoleksi Umum a143 a144